000 00464nam a2200181Ia 4500
005 20250326141655.0
008 250326s9999 xx 000 0 und d
037 _aTextbook
040 _aFMSL
_beng
_cFMSL
041 _aeng
_2eng
084 _qFMSL
100 _aBohm Volker
245 0 _aDideqilibrium and macroeconomics
_cBohm Volker
260 _aOxford
_bOxford, Basil Blackwell
_c1989
300 _a171p
942 _cTB
999 _c1291434
_d1291434